[Event "CXG RSa Memorial-B"]
[Site "Rio de Janeiro"]
[Date "1999.??.??"]
[Round "5"]
[White "Cunha, Luiz Fco"]
[Black "De Sousa, Marco"]
[Result "0-1"]
[WhiteElo "2000"]
[BlackElo "2165"]
[PlyCount "100"]
[EventDate "1999.??.??"]
[EventType "tourn"]
[EventRounds "11"]
[EventCountry "BRA"]
[SourceTitle "EXT 2000"]
[Source "ChessBase"]
[SourceDate "1999.11.16"]
[SourceVersion "1"]
[SourceVersionDate "1999.11.16"]
[SourceQuality "1"]

1. Nf3 e6 2. b3 Be7 3. Bb2 Bf6 4. d4 c5 5. e3 Ne7 6. Nbd2 d5 7. Bd3 Nbc6 8. 0-0 0-0 9. Re1 Ng6 10. c3 e5 11. dxe5 Ncxe5 12. Nxe5 Nxe5 13. Nf3 Nxd3 14. Qxd3 Be6 15. Qc2 Qb6 16. Rad1 Rad8 17. e4 dxe4 18. Qxe4 Rxd1 19. Rxd1 Rd8 20. Qc2 Bg4 21. Rxd8+ Qxd8 22. Nd2 g6 23. f3 Bf5 24. Ne4 Bxe4 25. fxe4 c4 26. Qf2 cxb3 27. axb3 Be5 28. Qc2 Qb6+ 29. Kh1 Qe3 30. g3 Qf3+ 31. Kg1 Bc7 32. c4 Bb6+ 33. c5 Qe3+ 34. Kg2 Bxc5 35. Kh3 h5 36. b4 Bxb4 37. Qc8+ Bf8 38. Qxb7 Qb6 39. Qxb6 axb6 40. Kg2 Bc5 41. Kf3 Kf8 42. e5 Ke7 43. Ke4 Ke6 44. Bc3 b5 45. Bb2 b4 46. Ba1 Bg1 47. h3 Bf2 48. g4 hxg4 49. hxg4 Be1 50. Bb2 Bc3 0-1

[Event "CXG RSa Memorial-B"]
[Site "Rio de Janeiro"]
[Date "1999.??.??"]
[Round "4"]
[White "De Sousa, Marco"]
[Black "Carvalho, Carlos Alberto"]
[Result "1/2-1/2"]
[WhiteElo "2165"]
[BlackElo "2050"]
[PlyCount "83"]
[EventDate "1999.??.??"]
[EventType "tourn"]
[EventRounds "11"]
[EventCountry "BRA"]
[SourceTitle "EXT 2000"]
[Source "ChessBase"]
[SourceDate "1999.11.16"]
[SourceVersion "1"]
[SourceVersionDate "1999.11.16"]
[SourceQuality "1"]

1. e4 e6 2. d4 d5 3. e5 c5 4. c3 Nc6 5. Nf3 cxd4 6. cxd4 Qb6 7. Bd3 Bd7 8. 0-0 Nxd4 9. Ng5 f5 10. exf6 Nxf6 11. Nxh7 Bd6 12. Bg6+ Ke7 13. Be3 Nxh7 14. Bxd4 Nf6 15. Bxb6 Bxh2+ 16. Kh1 Be5+ 17. Bh5 Rxh5+ 18. Qxh5 Nxh5 19. Bc5+ Kf6 20. Nc3 Nf4 21. g3 Rh8+ 22. Kg1 Nd3 23. Bxa7 Nxb2 24. Ne2 Bb5 25. f4 Bd6 26. Bd4+ Kf7 27. Rfb1 Bxe2 28. Rxb2 Ba6 29. Rab1 Rc8 30. a4 Rc7 31. a5 g5 32. Rh2 gxf4 33. gxf4 Kg6 34. Be3 Kf5 35. Rh5+ Ke4 36. Re1 Kf3 37. f5 Rg7+ 38. Kh1 Bg3 39. Bd4 Bxe1 40. Bxg7 Kg4 41. Rh6 exf5 42. Rd6 1/2-1/2

[Event "CXG RSa Memorial-B"]
[Site "Rio de Janeiro"]
[Date "1999.??.??"]
[Round "8"]
[White "De Sousa, Marco"]
[Black "Teixeira, Paulo Gustavo GA"]
[Result "0-1"]
[WhiteElo "2165"]
[BlackElo "2000"]
[PlyCount "50"]
[EventDate "1999.??.??"]
[EventType "tourn"]
[EventRounds "11"]
[EventCountry "BRA"]
[SourceTitle "EXT 2000"]
[Source "ChessBase"]
[SourceDate "1999.11.16"]
[SourceVersion "1"]
[SourceVersionDate "1999.11.16"]
[SourceQuality "1"]

1. e4 c5 2. Nf3 Nc6 3. d4 cxd4 4. Nxd4 Nf6 5. Nc3 e6 6. Bg5 Be7 7. Nb3 0-0 8. f4 h6 9. Bh4 Nxe4 10. Bg3 Nxc3 11. bxc3 Bf6 12. Qd2 d5 13. Bd3 e5 14. 0-0 e4 15. Be2 d4 16. cxd4 Nxd4 17. Rad1 Nxe2+ 18. Qxe2 Qe7 19. Rfe1 Bf5 20. Nd4 Qc5 21. Bf2 Rfe8 22. Nxf5 Qxf5 23. Be3 Qa5 24. Rd7 b6 25. Bd4 Qa4 0-1

[Event "CXG RSa Memorial-B"]
[Site "Rio de Janeiro"]
[Date "1999.??.??"]
[Round "1"]
[White "Ribeiro, Freddie Allan"]
[Black "De Sousa, Marco"]
[Result "0-1"]
[WhiteElo "2000"]
[BlackElo "2165"]
[PlyCount "50"]
[EventDate "1999.??.??"]
[EventType "tourn"]
[EventRounds "11"]
[EventCountry "BRA"]
[SourceTitle "EXT 2000"]
[Source "ChessBase"]
[SourceDate "1999.11.16"]
[SourceVersion "1"]
[SourceVersionDate "1999.11.16"]
[SourceQuality "1"]

1. d4 e6 2. c4 Nf6 3. Nf3 b6 4. Nc3 Bb7 5. e3 Bb4 6. Bd3 c5 7. 0-0 Bxc3 8. bxc3 0-0 9. Re1 Ne4 10. Qc2 f5 11. Nd2 Nxf2 12. Kxf2 Qh4+ 13. Ke2 Qg4+ 14. Nf3 Qxg2+ 15. Kd1 Bxf3+ 16. Be2 Nc6 17. Bxf3 Qxf3+ 18. Qe2 Qe4 19. Qc2 cxd4 20. cxd4 Nb4 21. Qxe4 fxe4 22. Ba3 a5 23. Rb1 Rf2 24. Bxb4 axb4 25. Rxb4 Raxa2 0-1